[Event "Medellin Cuartas Memorial B"]
[Site "Medellin"]
[Date "2011.08.06"]
[Round "5.43"]
[White "Pulgarin Serrano, Mauricio Alberto"]
[Black "Mejia Barrera, Juan David"]
[Result "0-1"]
[WhiteElo "1658"]
[BlackElo "1600"]
[PlyCount "55"]
[EventDate "2011.08.03"]
[EventType "swiss"]
[EventRounds "8"]
[EventCountry "COL"]
[SourceTitle "EXT 2024"]
[Source "ChessBase"]
[SourceDate "2023.10.10"]
[SourceVersion "1"]
[SourceVersionDate "2023.10.10"]
[SourceQuality "1"]

1. e4 c5 2. Nf3 Nc6 3. d4 cxd4 4. Nxd4 a6 5. c4 e5 6. Nb3 Nf6 7. Nc3 Bb4 8. Bg5 h6 9. Bxf6 Qxf6 10. Be2 Bxc3+ 11. bxc3 0-0 12. 0-0 d6 13. Qd3 Rd8 14. Rfd1 Be6 15. Rab1 Qe7 16. Rd2 Rac8 17. Rdb2 Na7 18. Nd2 b5 19. cxb5 Nxb5 20. c4 Nd4 21. Bf1 Qg5 22. Rb6 f5 23. exf5 Bxf5 24. Ne4 Qg6 25. f3 Nxf3+ 26. Qxf3 Bxe4 27. Qd1 Bxb1 28. Rxb1 0-1